[Event "G H D Gossip the worst ever great master Memorial"]
[Site "SchemingMind.com"]
[Date "2013.04.29"]
[Round "-"]
[White "Scooter"]
[Black "NimbleKnight"]
[Result "1-0"]
[WhiteCountry "USA"]
[BlackCountry "USA"]
[WhiteElo "1756"]
[WhiteRD "49"]
[BlackElo "1892"]
[BlackRD "70"]
[GameID "331123"]

1. d4 Nf6 2. Bf4 Nc6 3. Nf3 e6 4. e3 Be7 5. Be2 O-O 6. O-O Nh5 7. Nbd2 Nxf4 8. exf4 Bf6 9. c3 d6 10. Re1 b6
11. Ne4 Bb7 12. Bd3 h6 13. Qa4 a6 14. Nxf6+ Qxf6 15. g3 g5 16. fxg5 Qxf3 17. Be4 b5 18. Qc2 Qh5 19. gxh6 Qxh6 20. Qe2 Rab8
21. Qf3 Na5 22. b4 Bxe4 23. Rxe4 Nc4 24. Rg4+ Kh8 25. Rh4 Qxh4 26. gxh4 Rg8+ 27. Kh1 Rg7 28. Rg1 d5 29. Rxg7 Kxg7 30. Qg3+ Kh7
31. Qxc7 Rf8 32. Qa7 Kg7 33. Qxa6 Rb8 34. a4 bxa4 35. Qxa4 Kg6 36. Qc2+ Kg7 37. Kg2 f5 38. Qc1 Kh7 39. Kf3 Rg8 40. Qa1 Kg6
41. Qa6 Kf6 42. b5 Rb8 43. h5 Rb6 44. Qa7 Rxb5 45. h6 e5 46. h7 e4+ 47. Kf4 Rb2 48. h8=Q+ Ke6 49. Qh6#
1-0

[Event "G H D Gossip the worst ever great master Memorial"]
[Site "SchemingMind.com"]
[Date "2013.05.04"]
[Round "-"]
[White "NimbleKnight"]
[Black "Scooter"]
[Result "1-0"]
[WhiteCountry "USA"]
[BlackCountry "USA"]
[WhiteElo "1892"]
[WhiteRD "70"]
[BlackElo "1756"]
[BlackRD "49"]
[GameID "331124"]

1. d4 Nf6 2. c4 e6 3. Nf3 g6 4. Nc3 Bg7 5. e4 d5 6. cxd5 exd5 7. e5 Ne4 8. Bd3 Nxc3 9. bxc3 Bg4 10. O-O O-O
11. h3 Bxf3 12. Qxf3 c6 13. Bd2 Nd7 14. Qd1 Nb6 15. Qb3 Qc8 16. f4 Qe6 17. f5 gxf5 18. Bxf5 Qe7 19. Qc2 h6 20. Qc1 h5
21. Bg5 f6 22. exf6 Bxf6 23. Bxf6 Rxf6 24. Qg5+ Qg7 25. Qxh5 Qh6 26. Qxh6 Rxh6 27. Bc2 Nc4 28. Rae1 Rf8 29. Rxf8+ Kxf8 30. Kh2 Na3
31. Bd3 Kf7 32. g4 Rf6 33. Kg2 Nb5 34. Bxb5 cxb5 35. Rf1 Rxf1 36. Kxf1 a5 37. h4 Kg6 38. Kf2 a4 39. Kf3
1-0

[Event "G H D Gossip the worst ever great master Memorial"]
[Site "SchemingMind.com"]
[Date "2013.04.30"]
[Round "-"]
[White "edk523"]
[Black "NimbleKnight"]
[Result "0-1"]
[WhiteCountry "USA"]
[BlackCountry "USA"]
[WhiteElo "1623"]
[WhiteRD "104"]
[BlackElo "1892"]
[BlackRD "70"]
[GameID "331207"]

1. e4 e6 2. d4 d5 3. e5 c5 4. Nf3 Nc6 5. c3 Qb6 6. Be2 cxd4 7. Nxd4 Nxe5 8. O-O Nf6 9. Re1 Bd7 10. Nd2 Bd6
11. N2f3 Nxf3+ 12. Bxf3 O-O 13. b3 Rac8 14. Bb2 e5 15. Nc2 e4 16. Be2 Be5 17. Nd4 Bxd4 18. Qxd4 Qxd4 19. cxd4 Rc2 20. Ba3 Rfc8
21. f3 Rd2 22. fxe4 dxe4 23. Bb4 Rxd4 24. Ba3 Rd2 25. Be7 Rcc2 26. Bxf6 gxf6 27. Rad1 Rxa2 28. Rxd2 Rxd2 29. Bf1 f5 30. Rc1 Bc6
31. Re1 Rb2 32. Bc4 b5 33. Bf1 Rxb3 34. Rc1 Be8 35. Rc8 Kf8 36. Ra8 Rb2 37. Rxa7 e3
0-1

[Event "G H D Gossip the worst ever great master Memorial"]
[Site "SchemingMind.com"]
[Date "2013.04.30"]
[Round "-"]
[White "edk523"]
[Black "Scooter"]
[Result "0-1"]
[WhiteCountry "USA"]
[BlackCountry "USA"]
[WhiteElo "1605"]
[WhiteRD "128"]
[BlackElo "1740"]
[BlackRD "49"]
[GameID "331208"]

1. e4 c6 2. d4 d5 3. e5 Bf5 4. Nf3 e6 5. Nc3 Bb4 6. Bd2 Ne7 7. Be2 O-O 8. O-O Nd7 9. a3 Bxc3 10. Bxc3 c5
11. dxc5 Nxc5 12. Nd4 Bg6 13. f4 Nf5 14. Nxf5 Bxf5 15. g4 Be4 16. f5 exf5 17. gxf5 Qg5+ 18. Bg4 h5 19. Bb4 Rac8 20. Re1 Bxc2
21. Qxc2 Qxg4+ 22. Qg2 Qxg2+ 23. Kxg2 Nd3 24. Bxf8 Nxe1+ 25. Rxe1 Kxf8 26. Re2 a5 27. Kf3 g5 28. h3 Rc4 29. f6 a4 30. e6 Rf4+
31. Kg2 Rxf6 32. e7+ Ke8 33. Re5 Re6 34. Rxg5 Rg6 35. Rxg6 fxg6 36. Kf3 Kxe7 37. Ke3 Ke6 38. Kd4 g5
0-1

[Event "G H D Gossip the worst ever great master Memorial"]
[Site "SchemingMind.com"]
[Date "2013.05.05"]
[Round "-"]
[White "NimbleKnight"]
[Black "edk523"]
[Result "1-0"]
[WhiteCountry "USA"]
[BlackCountry "USA"]
[WhiteElo "1900"]
[WhiteRD "70"]
[BlackElo "1651"]
[BlackRD "103"]
[GameID "331209"]

1. e4 c5 2. Nf3 d6 3. d4 cxd4 4. Nxd4 Nf6 5. Nc3 g6 6. Be3 Bg7 7. f3 O-O 8. Qd2 Nc6 9. Bc4 Bd7 10. O-O-O Rc8
11. Bb3 Ne5 12. h4 Nc4 13. Bxc4 Rxc4 14. h5 Nxh5 15. g4 Nf4 16. Qh2 h5 17. Bxf4 Rxd4 18. gxh5 Rxd1+ 19. Nxd1 Qa5 20. hxg6 fxg6
21. Qh7+ Kf7 22. Rh6 Qxa2 23. Rxg6 Qa1+ 24. Kd2 Rg8 25. Bh6 Qa5+ 26. c3 Qe5 27. f4
1-0

[Event "G H D Gossip the worst ever great master Memorial"]
[Site "SchemingMind.com"]
[Date "2013.05.01"]
[Round "-"]
[White "Scooter"]
[Black "edk523"]
[Result "1/2-1/2"]
[WhiteCountry "USA"]
[BlackCountry "USA"]
[WhiteElo "1756"]
[WhiteRD "49"]
[BlackElo "1623"]
[BlackRD "104"]
[GameID "331210"]

1. Nf3 Nf6 2. d4 d5 3. Bf4 c6 4. c3 e6 5. e3 Bd6 6. Bxd6 Qxd6 7. Nbd2 O-O 8. Be2 Nbd7 9. O-O Re8 10. Qc2 c5
11. Bb5 a6 12. Bxd7 Bxd7 13. Ne5 cxd4 14. exd4 Rac8 15. Nxd7 Qxd7 16. Rfe1 b5 17. Nb3 Rc4 18. Nd2 Rcc8 19. Nb3 Qc7 20. Nc5 a5
21. h3 Nd7 22. Nxd7 Qxd7 23. Re5 f6 24. Re2 b4 25. Rc1 Qb5 26. Rce1 Qc6 27. Qd2 bxc3 28. bxc3 Qxc3 29. Qxc3 Rxc3 30. Rxe6 Rxe6
31. Rxe6 Rc1+ 32. Kh2 Rd1 33. Ra6 Rxd4 34. Rxa5 Rd2 35. Kg3 d4 36. Ra7 d3 37. Kf3 Re2 38. a4 Re1 39. Rd7 Ra1 40. Rxd3 Rxa4
41. Rd7 h6 42. g4 Kh7 43. h4 Ra3+ 44. Kg2 Ra5 45. f3 f5 46. Kg3 fxg4 47. fxg4 Kg6 48. h5+=
1/2-1/2

[Event "G H D Gossip the worst ever great master Memorial"]
[Site "SchemingMind.com"]
[Date "2013.05.06"]
[Round "-"]
[White "emvarela"]
[Black "NimbleKnight"]
[Result "1-0"]
[WhiteCountry "ARG"]
[BlackCountry "USA"]
[WhiteElo "1741"]
[WhiteRD "47"]
[BlackElo "1898"]
[BlackRD "70"]
[GameID "331262"]

1. e4 Nc6 2. Nf3 e5 3. Bb5 a6 4. Bxc6 dxc6 5. O-O Bg4 6. h3 h5 7. d3 Qf6 8. Nbd2 Ne7 9. Nc4 Bxf3 10. Qxf3 Qxf3
11. gxf3 Ng6 12. Be3 b5 13. Nd2 Rd8 14. a4 b4 15. b3 c5 16. Nc4 Bd6 17. Nxd6+ cxd6 18. Kg2 O-O 19. Kg3 f6 20. f4 Nxf4
21. Bxf4 exf4+ 22. Kxf4 g6 23. h4 Kg7 24. Rg1 Kf7 25. Rg3 Rg8 26. Rag1 Rd7 27. Ke3 Re7 28. f4 Ree8 29. f5 g5 30. hxg5 Rxg5
31. Rxg5 fxg5 32. Rxg5 Rh8 33. Rg6 Ke7 34. Kf3 h4 35. Kg2 h3+ 36. Kh2 Rh7 37. Rg3 Kf6 38. Rxh3 Rg7 39. Rg3 Rh7+ 40. Kg2 Ke5
41. Rg6 Rf7 42. Kf3 Rf8 43. Ke3 Rf7 44. Re6#
1-0

[Event "G H D Gossip the worst ever great master Memorial"]
[Site "SchemingMind.com"]
[Date "2013.05.02"]
[Round "-"]
[White "emvarela"]
[Black "Scooter"]
[Result "1-0"]
[WhiteCountry "ARG"]
[BlackCountry "USA"]
[WhiteElo "1761"]
[WhiteRD "48"]
[BlackElo "1756"]
[BlackRD "49"]
[GameID "331263"]

1. e4 c6 2. d4 d5 3. Nc3 dxe4 4. Nxe4 Bf5 5. Ng3 Bg6 6. h4 h6 7. Nf3 Nd7 8. h5 Bh7 9. Bd3 Bxd3 10. Qxd3 Qc7
11. Bd2 O-O-O 12. d5 Ndf6 13. Qf5+ Qd7 14. Qxd7+ Nxd7 15. dxc6 bxc6 16. Nd4 Ne5 17. Be3 e6 18. O-O-O Bc5 19. c3 Bxd4 20. Bxd4 Ng4
21. f3 N4f6 22. Bxa7 Ne7 23. Rxd8+ Rxd8 24. Rd1 Ned5 25. Bd4 Nf4 26. Bxf6 gxf6 27. Rxd8+ Kxd8 28. Ne4 f5 29. Nf6 Nxg2 30. Ng8 Nf4
31. Nxh6 Ke8 32. a4 Kd7 33. Nxf7 Nxh5 34. Ne5+ Kd6 35. Nc4+ Kc5 36. b3 f4 37. Ne5 Kd5 38. Ng6 e5 39. Kd2 Nf6 40. Kd3 Nd7
41. b4 Nb6 42. a5 Nc8 43. c4+ Kd6 44. Ke4 Ke6 45. Nxe5 Nd6+ 46. Kxf4
1-0

[Event "G H D Gossip the worst ever great master Memorial"]
[Site "SchemingMind.com"]
[Date "2013.05.06"]
[Round "-"]
[White "emvarela"]
[Black "edk523"]
[Result "1-0"]
[WhiteCountry "ARG"]
[BlackCountry "USA"]
[WhiteElo "1767"]
[WhiteRD "50"]
[BlackElo "1609"]
[BlackRD "105"]
[GameID "331264"]

1. e4 c5 2. Nf3 d6 3. d4 cxd4 4. Nxd4 Nf6 5. Nc3 g6 6. Be3 Bg7 7. f3 O-O 8. Qd2 Bd7 9. O-O-O Nc6 10. Bc4 Rc8
11. Bb3 Ne5 12. h4 Nc4 13. Bxc4 Rxc4 14. g4 h5 15. gxh5 Nxh5 16. Bh6 Rxd4 17. Qe3 Rxd1+ 18. Rxd1 Kh7 19. Bxg7 Kxg7 20. Qxa7 Qa8
21. Qd4+ f6 22. Qe3 Be6 23. a3 Rc8 24. f4 Qa5 25. f5 Bf7 26. Nd5 Bxd5 27. exd5 Qc5 28. Qxe7+ Kh6 29. Qe2 gxf5 30. Qd2+ f4
31. c3 Qe3 32. Rf1 Qxd2+ 33. Kxd2 b5 34. Re1 Rg8 35. b3 Ra8 36. Ra1 Kg6 37. a4 Ng3 38. a5 Re8 39. Re1 Ra8 40. b4 f3
41. Rg1 Kh5 42. Rxg3 Kxh4 43. Rxf3 Kg5 44. Kd3 f5 45. c4 bxc4+ 46. Kxc4 Rc8+ 47. Kb5 Rb8+ 48. Ka4 f4 49. a6 Kg4 50. Rf1 Kg3
51. b5 f3 52. Ka5 Kg2 53. a7 Ra8 54. b6 Kxf1 55. Ka6 f2 56. b7 Kg2 57. bxa8=Q f1=Q+ 58. Kb6 Qf2+ 59. Kc6 Qc2+ 60. Kxd6 Qg6+
61. Kc7 Qc2+ 62. Qc6 Qh7+ 63. Kb8 Qh8+ 64. Kb7 Qb2+ 65. Qb6 Qg7+ 66. Kc8 Qh8+= 67. Qd8 Qc3+ 68. Kb8 Qb2+ 69. Ka8 Qf6 70. Qxf6
1-0

[Event "G H D Gossip the worst ever great master Memorial"]
[Site "SchemingMind.com"]
[Date "2013.05.06"]
[Round "-"]
[White "NimbleKnight"]
[Black "emvarela"]
[Result "1-0"]
[WhiteCountry "USA"]
[BlackCountry "ARG"]
[WhiteElo "1858"]
[WhiteRD "71"]
[BlackElo "1767"]
[BlackRD "50"]
[GameID "331265"]

1. e4 e5 2. Nf3 Nc6 3. Bb5 f5 4. Nc3 fxe4 5. Nxe4 Nf6 6. Nxf6+ Qxf6 7. Qe2 Be7 8. Bxc6 dxc6 9. Nxe5 O-O 10. O-O Bd6
11. d4 Bxe5 12. dxe5 Qg6 13. Be3 Bf5 14. Rac1 Be4 15. f3 Bd5 16. c4 Be6 17. f4 Rad8 18. b3 Rd3 19. Rfd1 Rfd8 20. Rxd3 Rxd3
21. Rd1 Rxd1+ 22. Qxd1 Bg4 23. Qd8+ Kf7 24. Qxc7+ Kf8 25. Qxb7 Qb1+ 26. Kf2 Qxa2+ 27. Kg3 Qe2 28. Qxa7 Bf5 29. h3 Qd3 30. Qc5+ Kf7
31. b4 Qd1 32. b5 Be4 33. Qd4 Qxd4 34. Bxd4 cxb5 35. cxb5 Ke6 36. Kf2 h5 37. g3 g6 38. g4 hxg4 39. hxg4 Bb7 40. Ke3 Bd5
41. Bc5 Bb7 42. Bd6 Bd5 43. Kf2 Bb7 44. Ke3 Bd5 45. Kf2 Bb7 46. Kg3 Kf7 47. Kh4 Bc8 48. Kg5 Bd7 49. b6 Bc8 50. f5
1-0

[Event "G H D Gossip the worst ever great master Memorial"]
[Site "SchemingMind.com"]
[Date "2013.05.02"]
[Round "-"]
[White "Scooter"]
[Black "emvarela"]
[Result "1/2-1/2"]
[WhiteCountry "USA"]
[BlackCountry "ARG"]
[WhiteElo "1729"]
[WhiteRD "51"]
[BlackElo "1731"]
[BlackRD "49"]
[GameID "331266"]

1. d4 f5 2. Nf3 Nf6 3. Bf4 g6 4. e3 Bg7 5. Be2 d6 6. O-O c5 7. c3 cxd4 8. cxd4 Bd7 9. Nbd2 Nc6 10. a3 Qb6
11. b4 Kf7 12. Rc1 Rhc8 13. Bc4+ d5 14. Bd3 h6 15. Ne5+ Nxe5 16. Bxe5 Rxc1 17. Qxc1 Rc8 18. Qb2 Bb5 19. Bxb5 Qxb5 20. Rc1 Rxc1+
21. Qxc1 Qe2 22. Bxf6 Bxf6 23. Nb3 Qc4 24. Qxc4 dxc4 25. Nd2 b5 26. Kf1 Ke6 27. Ke1 Kd5 28. Kd1 e5 29. dxe5 Bxe5 30. g3 Bb2
31. Nb1 c3 32. f3 Kc4 33. Kc2 a6 34. h3 g5 35. g4 fxg4 36. hxg4 Bxa3 37. Nxa3+ Kxb4 38. Nb1 Kc4 39. Nxc3 b4 40. Na4 b3+
41. Kd2 a5 42. Nb2+ Kb4 43. e4 a4 44. Nxa4 Kxa4 45. Kc1 Kb4 46. Kb1 Kc4 47. Kb2 Kb4 48. Kc1 Kc4 49. Kb2 Kb4 50. Ka1 Kc4
51. Kb2=
1/2-1/2

[Event "G H D Gossip the worst ever great master Memorial"]
[Site "SchemingMind.com"]
[Date "2013.05.02"]
[Round "-"]
[White "edk523"]
[Black "emvarela"]
[Result "0-1"]
[WhiteCountry "USA"]
[BlackCountry "ARG"]
[WhiteElo "1629"]
[WhiteRD "104"]
[BlackElo "1741"]
[BlackRD "47"]
[GameID "331267"]

1. e4 e5 2. f3 Nf6 3. d4 exd4 4. Qxd4 Nc6 5. Qd1 Bc5 6. Nc3 d6 7. Bb5 Bd7 8. Nge2 a6 9. Bxc6 Bxc6 10. Nd4 Bxd4
11. Qxd4 h6 12. Be3 O-O 13. O-O-O Qe7 14. Nd5 Bxd5 15. exd5 Qe5 16. Qxe5 dxe5 17. Rd2 Rad8 18. Rhd1 Rd7 19. c4 c6 20. dxc6 Rxd2
21. Rxd2 bxc6 22. Rd6 Rc8 23. b4 Kf8 24. Bc5 Ke8 25. g4 Nd7 26. Kc2 Nxc5 27. bxc5 Ke7 28. Kb3 f6 29. Ka4 g6 30. Ka5 h5
31. Kxa6 Ra8+ 32. Kb6 Rxa2 33. Kxc6 Rxh2 34. gxh5 gxh5 35. Rd1 h4 36. Kb6 Rb2+ 37. Kc6 h3 38. Rh1 h2 39. Kc7 Rc2 40. c6 f5
41. Kb7 Rb2+ 42. Kc8 Kd6 43. c7 Kc6 44. Kd8 Rd2+ 45. Kc8 Rd7 46. Rxh2 Rxc7+ 47. Kd8 Rd7+ 48. Ke8 Rd3 49. Re2 Kd6 50. c5+ Kd5
51. Kd7 f4 52. c6 Kc5+ 53. Kc7 Kd4 54. Re4+ Kd5 55. Kb7 Rxf3 56. Rb4 e4 57. c7 Rc3 58. c8=Q Rxc8 59. Kxc8 f3 60. Kd7 f2
61. Rb5+ Kd4 62. Rf5 e3 63. Kd6 e2 64. Rxf2 e1=Q 65. Rf4+ Ke3 66. Ke5 Qg3
0-1

[Event "G H D Gossip the worst ever great master Memorial"]
[Site "SchemingMind.com"]
[Date "2013.05.08"]
[Round "-"]
[White "kenneth m day"]
[Black "NimbleKnight"]
[Result "0-1"]
[WhiteCountry "USA"]
[BlackCountry "USA"]
[WhiteElo "1770"]
[WhiteRD "52"]
[BlackElo "1900"]
[BlackRD "70"]
[GameID "331572"]

1. e4 e5 2. Nf3 Nc6 3. c3 d5 4. Qa4 f6 5. d3 Be6 6. Nbd2 Qd7 7. Be2 O-O-O 8. O-O Bd6 9. exd5 Bxd5 10. Ne4 Kb8
11. Be3 Bxe4 12. dxe4 Nge7 13. Bb5 a6 14. Bd3 Nc8 15. b4 N6a7 16. Qb3 Ka8 17. a4 Rhf8 18. Rfb1 Qf7 19. Bc4 Qd7 20. b5 a5
21. b6 cxb6 22. Bxb6 Nxb6 23. Qxb6 Nc6 24. Bd5 Qc7 25. Bxc6 Qxb6 26. Rxb6 bxc6 27. Ra6+ Kb7 28. Rxa5 Kb6
0-1

[Event "G H D Gossip the worst ever great master Memorial"]
[Site "SchemingMind.com"]
[Date "2013.05.08"]
[Round "-"]
[White "kenneth m day"]
[Black "emvarela"]
[Result "1-0"]
[WhiteCountry "USA"]
[BlackCountry "ARG"]
[WhiteElo "1770"]
[WhiteRD "52"]
[BlackElo "1731"]
[BlackRD "49"]
[GameID "331573"]

1. e4 e5 2. Nf3 Nc6 3. c3 Nf6 4. d4 d6 5. Bb5 Bd7 6. O-O Nxe4 7. Re1 Nf6 8. dxe5 dxe5 9. Bxc6 Bxc6 10. Nxe5 Qxd1
11. Rxd1 Bd5 12. Bg5 O-O-O 13. Nd2 Be7 14. Ndf3 h6 15. Bh4 Be6 16. Nd4 g5 17. Bg3 Nd7 18. Nxe6 fxe6 19. Nf7 Rhf8 20. Nxd8 Rxd8
21. Rd2 Nc5 22. Re2 Bd6 23. Bxd6 Rxd6 24. h3 Nd3 25. Rd1 Nf4 26. Red2 Kd7 27. Kh2 e5 28. Rxd6+ cxd6 29. g3 Ne6 30. Kg2 Nc5
31. Kf3 h5 32. Ke3 Ke6 33. b4 Na4 34. Rc1 d5 35. c4 d4+ 36. Kd3 Nb6 37. f3 Nd7 38. Re1 Nf6 39. f4 gxf4 40. gxf4
1-0

[Event "G H D Gossip the worst ever great master Memorial"]
[Site "SchemingMind.com"]
[Date "2013.05.08"]
[Round "-"]
[White "kenneth m day"]
[Black "Scooter"]
[Result "1-0"]
[WhiteCountry "USA"]
[BlackCountry "USA"]
[WhiteElo "1791"]
[WhiteRD "48"]
[BlackElo "1740"]
[BlackRD "49"]
[GameID "331574"]

1. e4 c6 2. c4 d5 3. cxd5 cxd5 4. exd5 Qxd5 5. Nc3 Qa5 6. d4 Nf6 7. Nf3 Nc6 8. Bc4 Ne4 9. Bd2 Nxd2 10. Qxd2 Bf5
11. O-O e6 12. Rfe1 Bb4 13. a3 Bxc3 14. bxc3 O-O 15. Nh4 Rfd8 16. Nxf5 exf5 17. Qe3 h6 18. Qg3 Re8 19. Qg6 Qc7 20. Qxf5 g6
21. Qf6 Rad8 22. Qxg6+ Kf8 23. Qh7 Nxd4 24. Qh8#
1-0

[Event "G H D Gossip the worst ever great master Memorial"]
[Site "SchemingMind.com"]
[Date "2013.05.08"]
[Round "-"]
[White "kenneth m day"]
[Black "edk523"]
[Result "0-1"]
[WhiteCountry "USA"]
[BlackCountry "USA"]
[WhiteElo "1770"]
[WhiteRD "52"]
[BlackElo "1651"]
[BlackRD "103"]
[GameID "331575"]

1. e4 c5 2. d4 cxd4 3. c3 dxc3 4. Nxc3 Nc6 5. Nf3 d6 6. Bc4 Nf6 7. e5 Ng4 8. exd6 Qb6 9. Qe2 e6 10. h3 Nf6
11. Be3 Qa5 12. Rd1 Bd7 13. O-O Rd8 14. Bg5 Bc8 15. Nd5 Rxd6 16. Nxf6+ gxf6 17. Bxf6 Rxd1 18. Rxd1 Rg8 19. a3 Qf5 20. Bg5 Rxg5
21. Nxg5 Qxg5 22. Rd3 a6 23. Rd1 Qf6 24. b4 Ne5 25. Bb3 Bd7 26. Qe4 Bc6 27. Qxh7 Nf3+ 28. Kf1 Bb5+ 29. Rd3 Qc3 30. gxf3 Bxd3+
0-1

[Event "G H D Gossip the worst ever great master Memorial"]
[Site "SchemingMind.com"]
[Date "2013.05.12"]
[Round "-"]
[White "NimbleKnight"]
[Black "kenneth m day"]
[Result "1/2-1/2"]
[WhiteCountry "USA"]
[BlackCountry "USA"]
[WhiteElo "1892"]
[WhiteRD "70"]
[BlackElo "1768"]
[BlackRD "51"]
[GameID "331576"]

1. d4 Nf6 2. c4 e6 3. Nf3 b6 4. g3 Ba6 5. Qa4 Bb7 6. Bg2 Nc6 7. O-O Be7 8. Nc3 O-O 9. Re1 Re8 10. e4 d5
11. cxd5 exd5 12. exd5 Nxd5 13. Nxd5 Qxd5 14. Ne5 Qxg2+ 15. Kxg2 Nxe5+ 16. Kf1 Nf3 17. Re2 Nxh2+ 18. Kg1 Nf3+ 19. Kf1 Nh2+ 20. Kg1 Nf3+
21. Kf1 Nh2+
1/2-1/2

[Event "G H D Gossip the worst ever great master Memorial"]
[Site "SchemingMind.com"]
[Date "2013.05.08"]
[Round "-"]
[White "emvarela"]
[Black "kenneth m day"]
[Result "1-0"]
[WhiteCountry "ARG"]
[BlackCountry "USA"]
[WhiteElo "1731"]
[WhiteRD "49"]
[BlackElo "1770"]
[BlackRD "52"]
[GameID "331577"]

1. e4 d6 2. d4 Nf6 3. Nc3 g6 4. f4 Bg7 5. Nf3 O-O 6. Bd3 c5 7. dxc5 dxc5 8. e5 Ng4 9. h3 Nh6 10. g4 Nc6
11. Be3 b6 12. Be4 Bb7 13. Qxd8 Rfxd8 14. Ke2 Rac8 15. Rhd1 Ba6+ 16. Ke1 Nb4 17. a3 Nc6 18. Bxc6 Rxd1+ 19. Rxd1 Rxc6 20. Rd8+ Bf8
21. Rd7 Rc8 22. Rxa7 Bc4 23. f5 gxf5 24. Bxh6 Bxh6 25. gxf5 e6 26. fxe6 Bxe6 27. Rb7 Bxh3 28. Kf2 Bf4 29. Rxb6 Bf5 30. Nd5 Bc1
31. Ne7+
1-0

[Event "G H D Gossip the worst ever great master Memorial"]
[Site "SchemingMind.com"]
[Date "2013.05.08"]
[Round "-"]
[White "Scooter"]
[Black "kenneth m day"]
[Result "0-1"]
[WhiteCountry "USA"]
[BlackCountry "USA"]
[WhiteElo "1740"]
[WhiteRD "49"]
[BlackElo "1791"]
[BlackRD "48"]
[GameID "331578"]

1. d4 g6 2. Nf3 Bg7 3. Bf4 d6 4. e3 Nd7 5. Be2 e5 6. dxe5 dxe5 7. Bg3 Qe7 8. O-O Nh6 9. c3 Nf5 10. Nbd2 Nxg3
11. fxg3 O-O 12. Qc2 Nb6 13. Nc4 Nxc4 14. Bxc4 Qc5 15. Qe4 c6 16. Rfd1 Bf5 17. b4 Bxe4 18. bxc5 Rad8 19. Kf2 Bd5 20. Bb3 Be4
21. Rd2 Rxd2+ 22. Nxd2 Bd5 23. e4 Bxb3 24. axb3 Rd8 25. Ke2 Bh6 26. Rd1 Kf8 27. Nc4 Rxd1 28. Kxd1 f6 29. Nd6 b6 30. cxb6 axb6
31. c4 Be3 32. b4 Ke7 33. Ke2 Bg1 34. Nc8+ Kd7 35. Na7 Kc7 36. b5 cxb5 37. Nxb5+ Kc6 38. h3 Kc5 39. Kd3 Bh2= 40. g4 Bf4
41. Nc7 Bg3= 42. Ne8 Bh4 43. Ng7 Kd6 44. Ne8+ Kd7 45. g3 Bg5 46. h4 Kxe8 47. hxg5 fxg5 48. Kc3 Kd7 49. Kb3 Kc6 50. Kb4 h5
0-1

[Event "G H D Gossip the worst ever great master Memorial"]
[Site "SchemingMind.com"]
[Date "2013.05.08"]
[Round "-"]
[White "edk523"]
[Black "kenneth m day"]
[Result "1/2-1/2"]
[WhiteCountry "USA"]
[BlackCountry "USA"]
[WhiteElo "1623"]
[WhiteRD "104"]
[BlackElo "1768"]
[BlackRD "51"]
[GameID "331579"]

1. e4 c5 2. Nf3 Nc6 3. d4 cxd4 4. Nxd4 e5 5. Nxc6 bxc6 6. Be2 Nf6 7. Nc3 d6 8. O-O Be7 9. f4 Qb6+ 10. Kh1 O-O
11. fxe5 dxe5 12. Rb1 Be6 13. Bg5 Rfd8 14. Qc1 h6 15. Bxf6 Bxf6 16. Rxf6 gxf6 17. Qxh6 Qf2 18. Rf1 Qd4 19. Qxf6 Kf8 20. Qh8+ Ke7
21. Qh4+ Ke8 22. Qh8+ Ke7 23. Qf6+=
1/2-1/2

[Event "G H D Gossip the worst ever great master Memorial"]
[Site "SchemingMind.com"]
[Date "2013.05.08"]
[Round "-"]
[White "Derek Price"]
[Black "NimbleKnight"]
[Result "1-0"]
[WhiteCountry "ENG"]
[BlackCountry "USA"]
[WhiteElo "2333"]
[WhiteRD "79"]
[BlackElo "1900"]
[BlackRD "70"]
[GameID "331597"]

1. d4 Nf6 2. c4 e6 3. g3 Bb4+ 4. Bd2 Bxd2+ 5. Qxd2 d5 6. Bg2 O-O 7. Nf3 Nc6 8. O-O Rb8 9. Rc1 Ne7 10. Qd3 c6
11. Nc3 Bd7 12. Ne5 Re8 13. e4 Ng6 14. Nxd7 Qxd7 15. cxd5 exd5 16. e5 Ng4 17. b4 Nh6 18. b5 Kh8 19. Rab1 Ng8 20. Nd1 N8e7
21. Ne3 Kg8 22. f4 Nf8 23. f5 Rbc8= 24. a4 Red8 25. Bh3 Re8 26. Bg4 f6 27. Qa3 Red8 28. Rc2 Re8 29. e6 Qc7 30. bxc6 bxc6
31. Rcb2 a6 32. Rb7 Qd8 33. Bh5 g6 34. fxg6 Nfxg6 35. Ng4 Kg7 36. Qe3 Rf8 37. Bxg6 hxg6 38. Rd7 Qe8 39. Rbb7
1-0

[Event "G H D Gossip the worst ever great master Memorial"]
[Site "SchemingMind.com"]
[Date "2013.05.12"]
[Round "-"]
[White "Derek Price"]
[Black "emvarela"]
[Result "1-0"]
[WhiteCountry "ENG"]
[BlackCountry "ARG"]
[WhiteElo "2333"]
[WhiteRD "79"]
[BlackElo "1731"]
[BlackRD "49"]
[GameID "331598"]

1. d4 Nf6 2. c4 e6 3. g3 c5 4. Nf3 cxd4 5. Nxd4 d5 6. Bg2 e5 7. Nf3 d4 8. O-O Nc6 9. e3 Bc5 10. exd4 Nxd4
11. Nxe5 O-O 12. Be3 Ne6 13. Bxc5 Nxc5 14. Nc3 Be6 15. Re1 a6 16. b4 Ncd7 17. Bxb7 Ra7 18. Nxd7 Qxd7 19. Qxd7 Bxd7 20. Bf3 Be6
21. c5 Rc7 22. Rad1 Rfc8 23. Rd6 Bc4 24. Red1 g6 25. Rxf6 Kg7 26. Rf4 Be6 27. Rfd4 a5 28. a3 axb4 29. axb4 Ra7 30. Kg2 Ra3
31. Rc1
1-0

[Event "G H D Gossip the worst ever great master Memorial"]
[Site "SchemingMind.com"]
[Date "2013.05.08"]
[Round "-"]
[White "Derek Price"]
[Black "Scooter"]
[Result "1-0"]
[WhiteCountry "ENG"]
[BlackCountry "USA"]
[WhiteElo "2259"]
[WhiteRD "78"]
[BlackElo "1748"]
[BlackRD "50"]
[GameID "331599"]

1. d4 Nf6 2. c4 g6 3. g3 Bg7 4. Bg2 O-O 5. Nc3 e6 6. Nf3 c6 7. O-O d5 8. b3 Nbd7 9. Qc2 b6 10. Bb2 Bb7
11. Rad1 Qe7 12. e4 dxe4 13. Nxe4 Nxe4 14. Qxe4 Nf6 15. Qh4 Qc7 16. d5 cxd5 17. Bxf6
1-0

[Event "G H D Gossip the worst ever great master Memorial"]
[Site "SchemingMind.com"]
[Date "2013.05.08"]
[Round "-"]
[White "Derek Price"]
[Black "kenneth m day"]
[Result "1-0"]
[WhiteCountry "ENG"]
[BlackCountry "USA"]
[WhiteElo "2269"]
[WhiteRD "82"]
[BlackElo "1791"]
[BlackRD "48"]
[GameID "331600"]

1. d4 Nf6 2. c4 e6 3. g3 d5 4. Bg2 dxc4 5. Nf3 Nc6 6. O-O Bd6 7. Nbd2 O-O 8. Nxc4 Be7 9. b3 Rb8 10. Bb2 Nd5
11. e4 Nf6 12. Qe2 a6 13. Rfd1 b5 14. Ne3 Ne8 15. d5 exd5 16. Rxd5 Bd7 17. Rad1 Nf6 18. Bxf6 Bxf6 19. Rxd7 Qc8 20. Qc2 Qb7
21. e5
1-0

[Event "G H D Gossip the worst ever great master Memorial"]
[Site "SchemingMind.com"]
[Date "2013.05.08"]
[Round "-"]
[White "Derek Price"]
[Black "edk523"]
[Result "1-0"]
[WhiteCountry "ENG"]
[BlackCountry "USA"]
[WhiteElo "2289"]
[WhiteRD "84"]
[BlackElo "1623"]
[BlackRD "104"]
[GameID "331601"]

1. d4 d5 2. c4 c6 3. Nf3 g6 4. Nc3 Nf6 5. e3 Bg7 6. Be2 O-O 7. O-O dxc4 8. Bxc4 Nbd7 9. Bb3 Re8 10. e4 Nb6
11. h3 e6 12. Bg5 Qc7 13. Rc1 Nbd7 14. e5 Nd5 15. Nb5 Qb8 16. Nd6 Rf8 17. Bxd5 cxd5 18. Be7 Bh6 19. Bxf8 Bxc1 20. Qxc1 Kxf8
21. Qh6+ Kg8 22. Ne8 Nxe5 23. Qg7#
1-0